ARRUPE JESUIT UNIVERSITY

CORONAVIRUS -STOP THE SPREAD - CLEAN,DISINFECT,COVER

West Africa under colonial rule. (Record no. 129130)

MARC details
000 -LEADER
fixed length control field 00798cam a22002651 4500
001 - CONTROL NUMBER
control field 290229
003 - CONTROL NUMBER IDENTIFIER
control field ARRUPE
005 - DATE AND TIME OF LATEST TRANSACTION
control field 20190306091329.0
008 - FIXED-LENGTH DATA ELEMENTS--GENERAL INFORMATION
fixed length control field 710519s1968 enkbf b 000 0 eng
010 ## - LIBRARY OF CONGRESS CONTROL NUMBER
LC control number 68118078
015 ## - NATIONAL BIBLIOGRAPHY NUMBER
National bibliography number B68-16784
020 ## - INTERNATIONAL STANDARD BOOK NUMBER
International Standard Book Number 009087160X
040 ## - CATALOGING SOURCE
Original cataloging agency DLC
Transcribing agency DLC
Modifying agency DLC
043 ## - GEOGRAPHIC AREA CODE
Geographic area code fw-----
050 00 - LIBRARY OF CONGRESS CALL NUMBER
Classification number DT476.2
Item number .C76
082 00 - DEWEY DECIMAL CLASSIFICATION NUMBER
Classification number 966
300 ## - PHYSICAL DESCRIPTION
Other physical details fold. plate, maps (1 col.)
Dimensions 24 cm.
100 1# - MAIN ENTRY--PERSONAL NAME
Personal name Crowder, Michael,
Dates associated with a name 1934-1988.
9 (RLIN) 30540
245 10 - TITLE STATEMENT
Title West Africa under colonial rule.
Statement of responsibility, etc Michael Crowder
260 ## - PUBLICATION, DISTRIBUTION, ETC. (IMPRINT)
Place of publication, distribution, etc London,
Name of publisher, distributor, etc Hutchinson,
Date of publication, distribution, etc 1968.
300 ## - PHYSICAL DESCRIPTION
Extent xv, 540 p. ;
350 ## - PRICE (NR) (BK AM CF MU VM SE) [OBSOLETE]
Price 84/-
504 ## - BIBLIOGRAPHY, ETC. NOTE
Bibliography, etc Includes bibliographical references.
651 #0 - SUBJECT ADDED ENTRY--GEOGRAPHIC NAME
Geographic name Africa, West
General subdivision History
Chronological subdivision 1884-1960.
9 (RLIN) 29271
906 ## - LOCAL DATA ELEMENT F, LDF (RLIN)
a 7
b cbc
c orignew
d u
e ncip
f 19
g y-gencatlg
942 ## - ADDED ENTRY ELEMENTS (KOHA)
Source of classification or shelving scheme Library of Congress Classification
Koha item type Monograph ( Printed materials)
Holdings
Withdrawn status Lost status Source of classification or shelving scheme Damaged status Not for loan Collection code Home library Current library Shelving location Date acquired Total Checkouts Full call number Barcode Date last seen Date checked out Price effective from Koha item type
    Library of Congress Classification     Main Collection ARRUPE LIBRARY ARRUPE LIBRARY Main Collection 06/03/2019 2 DT476.2 .C76 46600004078 26/09/2022 20/09/2022 06/03/2019 Monograph ( Printed materials)

 

Arrupe Library. PO Box MP320 Mt Pleasant, Harare, Zimbabwe
263 242 745411|librarian@aju.ac.zw